| 000 | 01295nam a2200313 a 4500 | ||
|---|---|---|---|
| 001 | ebr10430431 | ||
| 003 | CaPaEBR | ||
| 006 | m u | ||
| 007 | cr cn||||||||| | ||
| 008 | 101220s2009 enka s 001 0 eng d | ||
| 020 | _z9781847199485 | ||
| 020 | _z9781847199492 (e-book) | ||
| 040 |
_aCaPaEBR _cCaPaEBR |
||
| 035 | _a(OCoLC)659781028 | ||
| 050 | 1 | 4 |
_aQA76.73.P24 _bB53 2009eb |
| 100 | 1 | _aBlanco, Jose Argudo. | |
| 245 | 1 | 0 |
_aCodeIgniter 1.7 _h[electronic resource] : _bimprove your PHP coding productivity with the free compact open-source MVC CodeIgniter framework! / _cJose Argudo Blanco, David Upton. |
| 260 |
_aBirmingham, U.K. : _bPackt Pub., _c2009. |
||
| 300 |
_av, 282 p. : _bill. (some col.). |
||
| 490 | 1 | _aFrom technologies to solutions | |
| 500 | _aIncludes index. | ||
| 533 |
_aElectronic reproduction. _bPalo Alto, Calif. : _cebrary, _d2011. _nAvailable via World Wide Web. _nAccess may be limited to ebrary affiliated libraries. |
||
| 650 | 0 | _aPHP (Computer program language) | |
| 655 | 7 |
_aElectronic books. _2local |
|
| 700 | 1 | _aUpton, David. | |
| 710 | 2 | _aebrary, Inc. | |
| 830 | 0 | _aFrom technologies to solutions. | |
| 856 | 4 | 0 |
_uhttp://site.ebrary.com/lib/rucke/Doc?id=10430431 _zAn electronic book accessible through the World Wide Web; click to view |
| 999 |
_c145278 _d145278 |
||